| 000 | 00952nam a22002057a 4500 | ||
|---|---|---|---|
| 005 | 20141222094121.0 | ||
| 008 | 131216b2006 ck ||||| |||| 00| 0 spa d | ||
| 040 | _cCO-BoIH | ||
| 041 | _aspa | ||
| 044 | _ack | ||
| 090 |
_aIAVH _b00923 |
||
| 100 |
_aMartinez Bedoya-Yerly Andres _93373 |
||
| 245 | _aCaracterización del aprovechamiento y uso de bejucos en el municipio de Circasia - Quindio | ||
| 260 |
_aBogotá _bInstituto de Investigación de Recursos Biológicos Alexander von Humboldt _c2006 |
||
| 300 |
_a29 p. _bil. _c28 cm. |
||
| 520 | _aSub-proyecto del proyecto plan de co-manejo adaptativo de bejucos utilizados en artesanías en la zona cafetera colombiana.El objetivo del proyecto es generar información que contribuya al conocimiento de la comunidad de usuarios de bejuco en el municipio de Circasia - Quindio. | ||
| 650 |
_aArtesanias en bejuco _zCircasia (Quindio) _930525 |
||
| 700 |
_aAlvarez- Larri _93389 |
||
| 942 |
_2z _cINFORME |
||
| 999 |
_c8063 _d8063 |
||